000 00542nam a2200181Ia 4500
003 GCL
008 140319s9999 xx 000 0 ara d
040 _aGCL /
_cGCL
082 0 4 _aم
_b630.
_bا ق
100 1 _aاحمد شفيق الخطيب
245 1 0 _aقاموس مصطلحات العلوم الزراعية /
_cاحمد شفيق الخطيب
260 _a[S.N] :
_bمكتبة لبنان ،
_c1986
300 _a88 ص
490 _aماذا اعرف
_v0
650 0 4 _aالزراعة
650 0 4 _aالمعاجم
942 _2ddc
_cREF
999 _c59595
_d59595